[Event "AUT-ch U10"]
[Site "St Veit"]
[Date "2016.05.28"]
[Round "6.6"]
[White "Wendl, Philipp"]
[Black "Koglbauer, Til"]
[Result "1-0"]
[WhiteElo "1153"]
[BlackElo "1274"]
[PlyCount "61"]
[EventDate "2016.05.27"]
[EventType "swiss"]
[EventRounds "7"]
[EventCountry "AUT"]
[SourceTitle "EXT 2024"]
[Source "ChessBase"]
[SourceDate "2023.10.10"]
[SourceVersion "1"]
[SourceVersionDate "2023.10.10"]
[SourceQuality "1"]

1. e4 c5 2. Nf3 d6 3. d4 cxd4 4. Nxd4 Nf6 5. Nc3 g6 6. Be3 Bg7 7. f3 a6 8. Qd2 h5 9. Be2 b5 10. a3 Bb7 11. 0-0 Nbd7 12. a4 b4 13. Na2 a5 14. Bb5 Qc7 15. Rac1 Rc8 16. c3 bxc3 17. Rxc3 Qd8 18. Rfc1 Rxc3 19. Rxc3 Bxe4 20. fxe4 Nxe4 21. Qd3 Nxc3 22. Nxc3 Bxd4 23. Bxd4 Rg8 24. Nd5 Kf8 25. Qe3 e6 26. Qh6+ Ke8 27. Nf6+ Ke7 28. Nxd7 Qc8 29. Bf6+ Ke8 30. Nb6+ Qc6 31. Bxc6# 1-0

[Event "AUT-ch U10"]
[Site "St Veit"]
[Date "2016.05.27"]
[Round "3.6"]
[White "Koglbauer, Til"]
[Black "Marakovits, Nico"]
[Result "0-1"]
[WhiteElo "1274"]
[BlackElo "1114"]
[PlyCount "142"]
[EventDate "2016.05.27"]
[EventType "swiss"]
[EventRounds "7"]
[EventCountry "AUT"]
[SourceTitle "EXT 2024"]
[Source "ChessBase"]
[SourceDate "2023.10.10"]
[SourceVersion "1"]
[SourceVersionDate "2023.10.10"]
[SourceQuality "1"]

1. c4 Nf6 2. Nc3 e6 3. Nf3 d5 4. g3 c5 5. Bg2 Nc6 6. 0-0 Be7 7. d3 h6 8. Qc2 0-0 9. Bf4 Bd6 10. Bxd6 Qxd6 11. Nb5 Qe7 12. a3 a6 13. Nc3 Qc7 14. Na4 Ne7 15. Nd2 Bd7 16. cxd5 Bxa4 17. Qxa4 exd5 18. Rac1 Qd7 19. Qa5 c4 20. dxc4 dxc4 21. Nxc4 Rab8 22. Rfd1 Qe6 23. Re1 Rfc8 24. Ne3 Rxc1 25. Rxc1 Rc8 26. Rd1 Nc6 27. Bxc6 Qxc6 28. Rd8+ Rxd8 29. Qxd8+ Kh7 30. Qd3+ Kg8 31. Nf5 Qc1+ 32. Kg2 Qxb2 33. Qd8+ Kh7 34. Qf8 Nh5 35. g4 Nf4+ 36. Kf3 Nxe2 37. Ne7 Nd4+ 38. Kg2 h5 39. Qg8+ Kh6 40. Qh8+ Kg5 41. Qxh5+ Kf6 42. Nd5+ Ke6 43. Nf4+ Ke7 44. Qc5+ Kd7 45. Qf8 Qb3 46. Nh5 Qd5+ 47. Kh3 Qf3+ 48. Ng3 g6 49. Qc5 Ne2 50. Kh4 Nxg3 51. Qd4+ Ke7 52. Qe5+ Kf8 53. Qxg3 Qxg3+ 54. Kxg3 Ke7 55. Kf4 b5 56. Ke4 Kd6 57. Kd4 g5 58. f3 f6 59. h3 a5 60. Kd3 Kc5 61. Kc3 b4+ 62. axb4+ axb4+ 63. Kb3 Kd4 64. Kxb4 Ke3 65. Kc5 Kxf3 66. Kd6 Kg3 67. Ke6 Kxh3 68. Kxf6 Kxg4 69. Ke5 Kf3 70. Kf5 g4 71. Ke5 g3 0-1

[Event "AUT-ch U10"]
[Site "Woerth"]
[Date "2015.06.06"]
[Round "5.3"]
[White "Koglbauer, Til"]
[Black "Guskic, Andrija"]
[Result "0-1"]
[WhiteElo "1203"]
[BlackElo "1669"]
[PlyCount "62"]
[EventDate "2015.06.05"]
[EventType "swiss"]
[EventRounds "7"]
[EventCountry "AUT"]
[SourceTitle "EXT 2024"]
[Source "ChessBase"]
[SourceDate "2023.10.10"]
[SourceVersion "1"]
[SourceVersionDate "2023.10.10"]
[SourceQuality "1"]

1. e4 e5 2. Nf3 Nc6 3. c3 Nf6 4. d4 Nxe4 5. Bd3 d5 6. Qa4 Bd7 7. 0-0 Nxd4 8. Qd1 Nxf3+ 9. Qxf3 Nf6 10. Bg5 e4 11. Bxf6 Qxf6 12. Qxf6 gxf6 13. Re1 0-0-0 14. Bc2 Bh6 15. c4 c6 16. Nc3 Be6 17. Rad1 f5 18. f3 d4 19. Na4 Bxc4 20. fxe4 d3 21. Bb1 d2 22. exf5 dxe1Q+ 23. Rxe1 Rhe8 24. Rxe8 Rxe8 25. Bc2 b5 26. Nc5 Be3+ 27. Kh1 Bxc5 28. h3 Bd6 29. Kg1 Bg3 30. Bd3 Re1+ 31. Bf1 Rxf1# 0-1

[Event "AUT-ch U10"]
[Site "Woerth"]
[Date "2015.06.05"]
[Round "2.9"]
[White "Koglbauer, Til"]
[Black "Woschitz, Thomas"]
[Result "1-0"]
[WhiteElo "1203"]
[BlackElo "1122"]
[PlyCount "49"]
[EventDate "2015.06.05"]
[EventType "swiss"]
[EventRounds "7"]
[EventCountry "AUT"]
[SourceTitle "EXT 2024"]
[Source "ChessBase"]
[SourceDate "2023.10.10"]
[SourceVersion "1"]
[SourceVersionDate "2023.10.10"]
[SourceQuality "1"]

1. e4 e5 2. Nf3 Nc6 3. c3 Bc5 4. d4 exd4 5. cxd4 Bb4+ 6. Nc3 Nf6 7. Bd3 d5 8. e5 Ne4 9. Bxe4 dxe4 10. Nd2 Bf5 11. 0-0 Bxc3 12. bxc3 Nxd4 13. cxd4 Qxd4 14. Nb3 Qxe5 15. Re1 Qf6 16. f3 Qg6 17. g4 Be6 18. Rxe4 0-0 19. h4 Bxg4 20. Rxg4 Qb6+ 21. Kh2 Qf2+ 22. Kh3 f5 23. Rg2 Qb6 24. Qd4 Qc6 25. Qxg7# 1-0

[Event "AUT-ch U08"]
[Site "Velden"]
[Date "2014.06.22"]
[Round "7"]
[White "Woschitz, Thomas"]
[Black "Koglbauer, Til"]
[Result "1-0"]
[WhiteElo "872"]
[BlackElo "920"]
[PlyCount "61"]
[EventDate "2014.06.20"]
[EventType "swiss"]
[EventRounds "7"]
[EventCountry "AUT"]
[SourceTitle "EXT 2016"]
[Source "ChessBase"]
[SourceDate "2015.10.08"]
[SourceVersion "1"]
[SourceVersionDate "2015.10.08"]
[SourceQuality "1"]

1. e4 e5 2. Nf3 Nc6 3. Bc4 Bc5 4. d3 d6 5. Ng5 Be6 6. Bxe6 fxe6 7. Nxe6 Qf6 8. Nxc5 dxc5 9. Be3 0-0-0 10. Bxc5 b6 11. Be3 Nd4 12. Bxd4 exd4 13. 0-0 Ne7 14. Nd2 Ng6 15. Qf3 Qg5 16. Nb3 Rhf8 17. Qh3+ Kb8 18. g3 h5 19. f4 Qb5 20. c4 dxc3 21. bxc3 Qxd3 22. Rac1 Qe3+ 23. Rf2 Rd3 24. Qxh5 Ne7 25. Qh7 Rf7 26. Qh8+ Kb7 27. Qe8 Rf6 28. Qxe7 Rfd6 29. Kg2 Rd1 30. Rxd1 Rxd1 31. Qxg7 1-0